Mercurius cambro-Britannus, the Brittish mercury, or, The Welch diurnall : communicating remarkable intelligences and true newes to awle the whole kingdome ...

Bibliographic Details
Previous Title:Welch mercury.
Format: Journal
Language:English
Published: London : Printed by Bernard Alsop, 1643-
Series:Early English books online.
Subjects:
Online Access:Connect to the full text of this electronic book

MARC

Tag First Indicator Second Indicator Subfields
LEADER 00000nas a2200000Ia 4500
001 in00004311021
005 20200813084940.0
006 m g d
007 cr bn |||a|bb|
008 031113d16431644enkwr p o 0 0eng d
035 |a (OCoLC)53403882 
040 |a EAE  |c EAE  |e dcrb 
037 |a CL0051000001  |b ProQuest Information and Learning. 300 N. Zeeb Rd., Ann Arbor, MI 48106 
043 |a e-uk---  |a e-uk-wl 
049 |a UMIA 
245 0 0 |a Mercurius cambro-Britannus, the Brittish mercury, or, The Welch diurnall :  |b communicating remarkable intelligences and true newes to awle the whole kingdome ... 
246 1 6 |a Brittish mercury 
246 3 0 |a Welch diurnall 
260 |a London :  |b Printed by Bernard Alsop,  |c 1643- 
300 |a 1 online resource (volume) 
310 |a Weekly 
336 |a text  |b txt  |2 rdacontent 
337 |a computer  |b c  |2 rdamedia 
338 |a online resource  |b cr  |2 rdacarrier 
362 0 |a Numb. 4 (11-20 Nov. 1643)- 
362 1 |a Ceased with numb. [9] (22-30 Jan. 1644) .  |z Cf. Nelson and Seccombe. 
500 |a Title from masthead. 
500 |a Numb. 7 dated according to Lady-Day dating. 
500 |a Numb. 8-9 not in Thomason collection. 
500 |a Reels listed in chronological order of serial publication; holdings dispersed throughout collection. 
500 |a Reproduction of the originals in the British Library. 
510 4 |a Thomason  |c E.76[14], et cetera. 
510 4 |a Nelson and Seccombe  |c 708.4 
533 |a Electronic reproduction.  |b Ann Arbor, Mich. :  |c UMI,  |d 1999-  |f (Early English books online)  |n Digital version of: (Thomason Tracts ; 13:E76[14]; 13:E77[7]; 13:E77[28]; 14:E81[30])  |7 s1999 miun s 
651 0 |a Great Britain  |x History  |y Civil War, 1642-1649  |v Periodicals. 
700 1 |a Alsop, Bernard,  |e publisher. 
780 0 0 |t Welch mercury. 
830 0 |a Early English books online. 
856 4 0 |u http://proxy.library.tamu.edu/login?url=https://search.proquest.com/eebo/publication/4399967  |z Connect to the full text of this electronic book  |t 0 
994 |a 02  |b EAE 
999 f f |s 0aabfa03-2380-3c31-b95c-8f3946e2bc05  |i 58ff4aff-38a1-3665-a151-e02f8995703f  |t 0 
952 f f |a Texas A&M University  |b College Station  |c Electronic Resources  |d Available Online  |t 0  |h No information provided 
998 f f |t 0  |l Available Online